00455nam a2200109Ia 4500008004100000100002500041245012500066260003300191300001700224650001900241856008500260160712s9999 xx 000 0 und d aTablazon, Christian. cChristian TablazonaQuotidian minutiae as (sub)alter-narrative: Negotiations on history in Raya Martin’s Independencia c2012bSocial Science Diliman avol. 8 no. 1 xSOCIAL SCIENCE uhttp://journals.upd.edu.ph/index.php/socialsciencediliman/issue/view/346/showToc